|
|
|
|
| LEADER |
00000ny a22000003n 4500 |
| 005 |
20110510133538.0 |
| 008 |
751019c19969999sw ar 0 b0swe |
| 035 |
|
|
|a 2266
|
| 040 |
|
|
|d vLex
|
| 090 |
|
|
|c 1549
|d 1549
|
| 110 |
1 |
|
|a Sweden.
|b Arbeidshoven
|
| 245 |
3 |
0 |
|a Arbeidshoven
|h [Recurso electrn̤ico]
|
| 256 |
|
|
|a Servicio en ln̕ea
|
| 260 |
|
|
|a [s.l]:
|b [s.n]
|
| 310 |
|
|
|a Anual
|
| 650 |
0 |
4 |
|a Jurisprudencia
|x Publicaciones perid̤icas
|
| 650 |
0 |
4 |
|a Sentencias
|z Pas̕es de la Unin̤ Europea
|
| 710 |
1 |
|
|a Sweden.
|b Arbeidshoven
|
| 740 |
0 |
|
|a vLex Revista (Servicios en ln̕ea)
|
| 843 |
|
|
|a Electrn̤ica. Abierta
|
| 853 |
|
|
|8 1
|i (year)
|j (month)
|k (day)
|
| 856 |
4 |
|
|z Acceso restringido
|u http://vlex.com/account/login_ip?fuente_id=2266
|
| 942 |
|
|
|c REV
|